| 000 | 00701nam a2200265Ia 4500 | ||
|---|---|---|---|
| 008 | 160803s9999 xx 000 0 und d | ||
| 020 | _a9780590521383 | ||
| 100 | _aMinor, Wendell | ||
| 245 | _aPumpkin Heads / | ||
| 245 | _cWendell Minor. | ||
| 250 | _aFirst Bookshelf edition. | ||
| 260 | _aNew York : | ||
| 260 | _bScholastic Inc. | ||
| 260 | _c2000 | ||
| 300 | _a1 volume, 26 unnumbered page: | ||
| 300 | _bcolor illustrations ; | ||
| 300 | _c26 cm. | ||
| 440 | _aScholastic bookshelf | ||
| 650 | _aHalloween -- | ||
| 650 | _aJack-o-lanterns -- Juvenile fiction. | ||
| 650 | _aPumpkin -- | ||
| 650 | _xJuvenile fiction. | ||
| 650 | _xJuvenile fiction. | ||
| 700 | _a130 | ||
| 999 |
_c299014 _d299014 |
||